|
|
|
|
| LEADER |
00581cam a2200145 7i4500 |
| 001 |
0000039826 |
| 005 |
20120622090000.0 |
| 090 |
0 |
0 |
|a HE884.6.M4
|b E97 1997
|
| 245 |
0 |
0 |
|a Expanding the Malaysian fleet :
|b ship building , ship-finacing and implications for Malaysia's balance of payments.
|
| 260 |
|
|
|a Malaysia:
|b Maritime Institute of Malaysia (MIMA),
|c 1997.
|
| 300 |
|
|
|a v, 72 p.:
|b ill.;
|c 24 cm.
|
| 504 |
|
|
|a Includes bibliographical references
|
| 650 |
0 |
0 |
|a Shipping --
|z Malaysia
|
| 650 |
0 |
0 |
|a Shipping --
|x Finance --
|z Malaysia
|
| 999 |
|
|
|a 0000047746
|b BOK
|c OPEN SHELF
|e 1st Floor, Bestari Jaya
|